QUAERE 2021 recenzovaný sborník příspěvků interdisciplinární mezinárodní vědecké konference doktorandů a odborných asistentů, 28. – 30. června 2021, Hradec Králové, Česká republika, roč. XI.

Salvato in:
Dettagli Bibliografici
Ente Autore: QUAERE 2021. Mezinárodní vědecká konference
Natura: Libro
Lingua:slovacco
inglese
ceco
polacco
Pubblicazione: Hradec Králové MAGNANIMITAS 2021
Edizione:1. vydání
Soggetti:
Tags: Aggiungi Tag
Nessun Tag, puoi essere il primo ad aggiungerne!!

MARC

LEADER 00000nlm a2200000 4500
001 0277959
005 20250805085447.4
020 |a 978-80-87952-34-4 
041 0 |a slo 
041 0 |a eng 
041 0 |a cze 
041 0 |a pol 
044 |a CZ 
245 1 0 |a QUAERE 2021  |b recenzovaný sborník příspěvků interdisciplinární mezinárodní vědecké konference doktorandů a odborných asistentů, 28. – 30. června 2021, Hradec Králové, Česká republika, roč. XI. 
250 |a 1. vydání 
264 1 |a Hradec Králové  |b MAGNANIMITAS  |c 2021 
300 |a 1044 s. 
610 2 0 |a manažment 
610 2 0 |a marketing 
610 2 0 |a bankovníctvo 
610 2 0 |a poisťovníctvo 
610 2 0 |a správa verejná 
610 2 0 |a psychológia 
610 2 0 |a sociológia 
110 2 |a QUAERE 2021. Mezinárodní vědecká konference